000 00648cam a2200145 4500500
005 20251228091033.0
041 _afre
042 _adc
100 1 0 _aFaguer, Nicolas
_eauthor
245 0 0 _aCharles Péguy, La Tapicería de Nuestra Señora. La Tapisserie de Notre Dame, Edition bilingue, Buenos Aires, Agape Libros, 2021, 108 pages. Traduction en espagnol par Ignacio María Diaz
260 _c2023.
500 _a30
786 0 _nBulletin de l’Amitié Charles Péguy | 178 | 2 | 2023-05-07 | p. 231-233 | 0180-8567
856 4 1 _uhttps://shs.cairn.info/revue-bulletin-de-lamitie-charles-peguy-2023-2-page-231?lang=fr&redirect-ssocas=7080
999 _c1602973
_d1602973